| 000 | 01731nas a2200409 i 4500 | ||
|---|---|---|---|
| 001 | 1846 | ||
| 003 | ES-MaACL | ||
| 005 | 20250827062537.0 | ||
| 007 | t| | ||
| 008 | 950801d1978 sp q|yp s| ||pa d | ||
| 022 | _a0210-5233 | ||
| 040 |
_aES-MaACL _cES-MaACL |
||
| 080 | _a316 | ||
| 245 | 0 | 0 |
_aRevista española de investigaciones sociológicas / _cdir. Juan Díez Nicolás. |
| 246 | 3 | 3 | _aReis : Revista española de investigaciones sociológicas |
| 260 |
_aMadrid : _bCentro de Investigaciones Sociológicas, _c1978- |
||
| 300 |
_a31 v. : _bil. ; _c24 cm. |
||
| 310 | _aTrimestral | ||
| 362 | 0 | _aN. 1 (1978)- | |
| 530 | _aDisponible en DVD: Del N. 1 (1978) al n. 100 (2002) | ||
| 530 | _aDisponible en formato digital. | ||
| 650 | 7 |
_aSociología _2embne _917195 |
|
| 700 | 1 |
_aDíez Nicolás, Juan. _944756 |
|
| 700 | 1 |
_aMontoro Romero, Ricardo. _982698 |
|
| 710 | 2 |
_aCentro de Investigaciones Sociológicas (España) _92708 |
|
| 740 | 0 |
_aReis : 1978-2002. _pprimeros 100 números [ _hDVD] / director, Ricardo Montoro Romero. -- CIS, [2002] |
|
| 780 | 0 | 0 |
_aRevista española de la opinión pública = _xISSN 0034-9429 _01851 _w1851 |
| 852 |
_aES-MaACL _jHEM-H-367 _dOlim: Hem-1529 _91884 _cHEM |
||
| 852 |
_aES-MaACL _jSin Signatura _zExpurgada marzo 2025: posterior 1958; sin encuadernar; en acceso abierto |
||
| 856 |
_uhttp://www.reis.cis.es/REIS/html/index.html _yRevista Española de Investigaciones Sociológicas |
||
| 856 |
_uhttps://dialnet.unirioja.es/servlet/revista?codigo=1106 _ySumarios de la revista en Dialnet |
||
| 866 | 0 | _o1978(1979f.n.6)1980-2008 (2009). | |
| 866 | 0 |
_o1978-2002 _zContenido DVD |
|
| 942 |
_2udc _cPERIODICA |
||
| 955 | _bCRON CRON | ||
| 999 |
_c1846 _d1846 |
||